| 000 | 00640na a2200241 4500 | ||
|---|---|---|---|
| 001 | 12698 | ||
| 003 | MIRAKIL | ||
| 005 | 20181213154741.0 | ||
| 008 | 160812b tu 000 0 | ||
| 020 | _a9786051211473 | ||
| 040 |
_aMilas _btur _cTR-AnCHP |
||
| 082 |
_a819 _bŞ33h 2012 |
||
| 090 | _a819 Ş33h 2012 | ||
| 100 | _aŞehsuvaroğlu, Lütfü | ||
| 245 |
_aLâ havle _blütfî divânı _cLütfü Şehsuvaroğlu |
||
| 246 | _aLütfi divan | ||
| 246 | _aLa havle : lütfi divanı | ||
| 260 |
_aAnkara _bElips Kitap _c2012 |
||
| 300 |
_a357 s. _c22 sm. |
||
| 490 |
_aElips Kitap _v492 |
||
| 650 | _aDivan şiiri | ||
| 942 |
_2ddc _cBKS |
||
| 999 |
_c257 _d257 |
||